سبايك المسجد في أخبار أحمد نجل رزق الأسعد

Saved in:

Main Author: عثمان بن سند البصرى.

Format: Book

Language: Undetermined

Published: India matbaeat albayan bimumbaa 1894

Tags: Add Tag

No Tags, Be the first to tag this record!

Call Number: (R)A99 IBN SANAD

LEADER 00426nam a2200121Ia 4500
008 240404s9999||||xx |||||||||||||| ||und||
050 4 |a (R)A99 IBN SANAD 
100 1 |a عثمان بن سند البصرى. 
245 1 0 |a سبايك المسجد في أخبار أحمد نجل رزق الأسعد  |c عثمان بن سند البصرى 
264 1 |a India  |b matbaeat albayan bimumbaa  |c 1894 
300 |a 120  |c 27 
942 |2 lcc  |c BK 
999 |c 58187  |d 58187